00812nam a2200217 a 450000100100000000500170001000800410002702000150006804000250008308200200010810000190012824501230014726000440027030000200031450000380033465000220037265000440039465000500043870000280048871000780051600002345720260310121619.0101208s2006 ck r 000 0 spa d a9586711072 aDO-SdBNPbspacBNPHU a346.0482bA189m1 aAcuña, Oscar10aManual de derecho de autor :bpara las bibliotecas públicas en Colombia /cOscar Acuña; prólogo de Mary Girlado. aBogotá, (Colombia) :bCERLALC,c2006. a98 p. ;c22 cm. aIncluye notas al pie de páginas 0aDerechos de autor 0aPatentes de invención xLegislación 4aPropiedad industrialxLegislaciónxManuales1 aGirlado, Mary,epról.2 aCentro Regional para el Fomento del Libro en América Latina y el Caribe